English grammar and composition. (Record no. 101719)

MARC details
000 -LEADER
fixed length control field 00390nam a2200145Ia 4500
008 - FIXED-LENGTH DATA ELEMENTS--GENERAL INFORMATION
fixed length control field 210210b1998 xxu||||| |||| 00| 0 eng d
020 ## - INTERNATIONAL STANDARD BOOK NUMBER
International Standard Book Number 81 7014 058 7
082 ## - DEWEY DECIMAL CLASSIFICATION NUMBER
Classification number 425 PALE
100 ## - MAIN ENTRY--PERSONAL NAME
Personal name PAL (Rajendra) & SURI (Prem Lata).
245 ## - TITLE STATEMENT
Title English grammar and composition.
260 ## - PUBLICATION, DISTRIBUTION, ETC.
Place of publication, distribution, etc. ND
Name of publisher, distributor, etc. Sultan Chand & Sons
Date of publication, distribution, etc. 1998
300 ## - PHYSICAL DESCRIPTION
Extent pw22, 55
690 ## - LOCAL SUBJECT ADDED ENTRY--TOPICAL TERM (OCLC, RLIN)
Topical term or geographic name as entry element English Grammar
906 ## - LOCAL DATA ELEMENT F, LDF (RLIN)
a 053433
Holdings
Withdrawn status Lost status Source of classification or shelving scheme Damaged status Not for loan Collection code Home library Current library Date acquired Source of acquisition Cost, normal purchase price Total Checkouts Full call number Barcode Date last seen Price effective from Koha item type
    Dewey Decimal Classification     English St Aloysius Library St Aloysius Library 02/17/2021 Higginbothams (P) Ltd., Mangalore-01. 85.00   425 PALE 053433 02/17/2021 02/17/2021 Book